[Event "Groningen Open A"]
[Site "Groningen NED"]
[Date "2012.12.21"]
[Round "1.3"]
[White "Heemskerk, Wim"]
[Black "Kovchan, Alexander"]
[Result "0-1"]
[WhiteTitle "FM"]
[BlackTitle "GM"]
[WhiteElo "2253"]
[BlackElo "2579"]
[WhiteFideId "1001000"]
[BlackFideId "14103052"]
[EventDate "2012.12.21"]

1. Nf3 c5 2. c4 g6 3. Nc3 Bg7 4. g3 Nc6 5. Bg2 e6 6. d3 Nge7 7. O-O O-O 8. h4 d6
9. Bd2 f5 10. Qc1 a6 11. Bh6 e5 12. Rb1 f4 13. Bg5 Bg4 14. Nd5 h6 15. Bxe7 Nxe7
16. Nxe7+ Qxe7 17. b4 e4 18. dxe4 fxg3 19. fxg3 Qxe4 20. bxc5 dxc5 21. Re1 Bf5
22. Rb6 Rae8 23. Kh2 Re7 24. Ng5 Qd4 25. Bd5+ Kh8 26. e3 Qc3 27. Ne6 Qxc1 28.
Rxc1 Rf6 29. e4 Rfxe6 0-1

[Event "Groningen Open A"]
[Site "Groningen NED"]
[Date "2012.12.21"]
[Round "1.4"]
[White "Van Kampen, Robin"]
[Black "Mostertman, Milan"]
[Result "1/2-1/2"]
[WhiteTitle "GM"]
[WhiteElo "2570"]
[BlackElo "2250"]
[WhiteFideId "1020854"]
[BlackFideId "1025848"]
[EventDate "2012.12.21"]

1. e4 c5 2. Nf3 d6 3. d4 cxd4 4. Nxd4 Nf6 5. Nc3 g6 6. Be3 Bg7 7. f3 Nc6 8. Qd2
O-O 9. g4 Be6 10. Nxe6 fxe6 11. O-O-O Ne5 12. Be2 Qc8 13. h4 Nfd7 14. f4 Nc4 15.
Bxc4 Qxc4 16. e5 Rad8 17. exd6 exd6 18. h5 g5 19. fxg5 Bxc3 20. Qxc3 Qxc3 21.
bxc3 Ne5 22. g6 Nxg4 23. Bxa7 Ra8 24. Rhg1 Ne5 25. Bd4 Nc4 26. gxh7+ Kxh7 27.
Rg7+ Kh6 28. Rg6+ Kh7 29. Rg7+ Kh6 30. Rxb7 Rf5 31. Rc7 d5 32. Re1 e5 33. Be3+
Nxe3 34. Rxe3 Rxa2 35. Re2 Kxh5 1/2-1/2

[Event "Groningen Open A"]
[Site "Groningen NED"]
[Date "2012.12.22"]
[Round "1.5"]
[White "Kuling, Lody"]
[Black "Deviatkin, Andrei"]
[Result "1/2-1/2"]
[BlackTitle "GM"]
[WhiteElo "2246"]
[BlackElo "2569"]
[WhiteFideId "1019686"]
[BlackFideId "4121260"]
[EventDate "2012.12.21"]

1. e4 c6 2. Nc3 d5 3. Nf3 dxe4 4. Nxe4 Bf5 5. Ng3 Bg4 6. Bc4 e6 7. c3 Nd7 8. d4
Ngf6 9. h3 Bxf3 10. Qxf3 Be7 11. O-O O-O 12. Re1 Nd5 13. Bb3 Bg5 14. c4 Bxc1 15.
Raxc1 Ne7 16. d5 Nc5 17. dxe6 Nxe6 18. Rcd1 Qc7 19. Qg4 Rad8 20. Rxd8 Qxd8 21.
Rd1 Qc7 22. Nf5 Nxf5 23. Qxf5 c5 24. Bc2 g6 25. Qf6 Nd4 26. Be4 Qd8 27. Qxd8
Rxd8 28. Kf1 Kg7 29. Rd3 a5 30. Re3 Kf8 31. h4 b6 32. h5 Re8 33. hxg6 hxg6 34.
Bd3 Rxe3 35. fxe3 Nc6 36. Be4 Ne5 37. b3 Ke7 38. Ke2 Kf6 39. Bc2 Kg5 40. Kf2 Kh4
41. Be4 a4 42. Bc2 a3 43. Be4 f5 44. Bc2 Kg4 45. Bd1+ Kg5 46. Bc2 Kh4 47. Bb1
Kg4 48. Bc2 Nc6 49. Bd1+ Kg5 50. Bc2 Nb4 51. Bb1 Kf6 52. Kf3 Ke5 53. Ke2 Nc6 54.
Kf3 g5 55. g4 fxg4+ 56. Kxg4 Kf6 57. Be4 Ne5+ 58. Kg3 Ke7 59. Kf2 Kd6 60. Ke2
Kc7 61. Kd2 Kb8 62. Bh1 Ka7 63. Kc3 g4 64. b4 g3 65. Kb3 Ka6 66. e4 Kb7 67. bxc5
bxc5 68. Kxa3 Nxc4+ 69. Kb3 Ne5 70. Bg2 Kb6 71. Bf1 Ka5 72. a3 Ng4 73. Bh3 Ne5
74. Bf1 Nf3 75. Kc3 Ka4 76. Kd3 Kxa3 77. Ke3 Nh4 78. e5 g2 79. Bxg2 Nxg2+ 80.
Kd2 Nf4 81. Kc3 Ne6 82. Kc4 Ka4 83. Kd5 Kb3 84. Kxe6 c4 85. Kf7 c3 86. e6 c2 87.
e7 c1=Q 88. e8=Q Qc4+ 89. Qe6 Qxe6+ 1/2-1/2

[Event "Groningen Open A"]
[Site "Groningen NED"]
[Date "2012.12.21"]
[Round "1.8"]
[White "Bok, Benjamin"]
[Black "Lyell, Mark"]
[Result "1-0"]
[WhiteTitle "IM"]
[BlackTitle "FM"]
[WhiteElo "2522"]
[BlackElo "2226"]
[WhiteFideId "1017063"]
[BlackFideId "402354"]
[EventDate "2012.12.21"]

1. e4 e5 2. Nf3 Nc6 3. Bc4 Nf6 4. d3 Be7 5. O-O O-O 6. Re1 d6 7. c3 a6 8. Bb3
Be6 9. Bc2 Qd7 10. Nbd2 Rae8 11. h3 Bd8 12. d4 exd4 13. cxd4 d5 14. e5 Nh5 15.
Ng5 g6 16. Nxh7 Kxh7 17. Qxh5+ Kg8 18. Qh6 Nb4 19. Bb1 Bf5 20. Nb3 b6 21. Bd2 a5
22. Bxb4 axb4 23. Bxf5 Qxf5 24. Qd2 Bh4 25. g3 Bg5 26. f4 Bh6 27. Kg2 Re6 28.
Rac1 c6 29. Qc2 Qh5 30. Nd2 Ra8 31. Nf3 Bf8 32. g4 Qh6 33. Ng5 c5 34. Nxe6 fxe6
35. Rf1 Rxa2 36. f5 c4 37. fxe6 c3 38. Rb1 1-0

[Event "Groningen Open A"]
[Site "Groningen NED"]
[Date "2012.12.21"]
[Round "1.9"]
[White "De Ruiter, Danny"]
[Black "Pancevski, Filip"]
[Result "0-1"]
[BlackTitle "IM"]
[WhiteElo "2226"]
[BlackElo "2512"]
[WhiteFideId "1020650"]
[BlackFideId "15002187"]
[EventDate "2012.12.21"]

1. d4 Nf6 2. c4 d6 3. Nc3 e5 4. dxe5 dxe5 5. Qxd8+ Kxd8 6. Nf3 Nfd7 7. g3 c6 8.
Bg2 a5 9. O-O f6 10. Be3 Na6 11. Rfd1 Kc7 12. Nd2 Bc5 13. Bxc5 Ndxc5 14. Nde4
Be6 15. Rac1 Rhd8 16. b3 Rxd1+ 17. Nxd1 Bf5 18. Nxc5 Nxc5 19. Ne3 Bg6 20. Kf1
Na6 21. Ke1 a4 22. Bh3 Nb4 23. Rd1 a3 24. c5 Rd8 25. Rxd8 Kxd8 26. Nc4 Nxa2 27.
Be6 Nb4 28. Nxa3 Na6 29. Kd2 Nxc5 30. Bg8 h6 31. f3 Kd7 32. b4 Na6 33. Kc3 b5
34. Bb3 Kd6 35. Bc2 Bf7 36. Bd3 Nc7 37. e4 Bh5 38. Be2 Ne6 39. Nc2 Ng5 40. Ne3
Nxe4+ 41. fxe4 Bxe2 42. Nf5+ Kd7 43. h3 Bf1 44. h4 Bh3 45. Nxg7 Bg4 0-1

[Event "Groningen Open A"]
[Site "Groningen NED"]
[Date "2012.12.21"]
[Round "1.10"]
[White "Michalik, Peter"]
[Black "Umudova, Nargiz"]
[Result "1-0"]
[WhiteTitle "GM"]
[BlackTitle "WIM"]
[WhiteElo "2508"]
[BlackElo "2220"]
[WhiteFideId "14907526"]
[BlackFideId "13402137"]
[EventDate "2012.12.21"]

1. d4 Nf6 2. c4 c5 3. d5 b5 4. cxb5 a6 5. bxa6 g6 6. Nc3 Bxa6 7. e4 Bxf1 8. Kxf1
d6 9. g3 Bg7 10. Kg2 O-O 11. Nf3 Nbd7 12. a4 Qa5 13. Nd2 Qb4 14. Re1 Rfe8 15.
Re2 Qb7 16. h4 Ra7 17. h5 e6 18. dxe6 Rxe6 19. h6 Bh8 20. Nd5 Nb6 21. Nc3 d5 1-0

[Event "Groningen Open A"]
[Site "Groningen NED"]
[Date "2012.12.21"]
[Round "1.11"]
[White "Ootes, Lennart"]
[Black "Burg, Twan"]
[Result "0-1"]
[BlackTitle "IM"]
[WhiteElo "2209"]
[BlackElo "2498"]
[WhiteFideId "1020986"]
[BlackFideId "1010697"]
[EventDate "2012.12.21"]

1. e4 c5 2. Nf3 d6 3. d4 cxd4 4. Qxd4 Nc6 5. Qe3 Nf6 6. h3 d5 7. e5 d4 8. Qd3
Nxe5 9. Nxe5 Qa5+ 10. Nd2 Qxe5+ 11. Be2 Bf5 12. Qb3 Qd5 13. Bf3 Qxb3 14. axb3
Bxc2 15. Bxb7 Rb8 16. Rxa7 e6 17. Bc6+ Kd8 18. O-O Bc5 19. Rxf7 Rc8 20. Ba4 Rc7
21. Rxc7 Kxc7 22. Re1 Kd6 23. Nc4+ Ke7 24. Bd2 Ne4 25. Ba5 Rb8 26. Ne5 Kd6 27.
b4 Bxa4 28. bxc5+ Kd5 29. c6 Ra8 30. c7 Kxe5 31. f3 Bc2 32. Rc1 Nd6 33. Rxc2
Rxa5 34. c8=Q Nxc8 35. Rxc8 Rb5 36. Rc2 d3 37. Rd2 Kd4 38. Kf2 e5 39. h4 h5 40.
g3 Rb3 41. Ke1 Ke3 42. Rf2 Rb6 43. g4 Ra6 0-1

[Event "Groningen Open A"]
[Site "Groningen NED"]
[Date "2012.12.21"]
[Round "1.12"]
[White "Gormally, Daniel W"]
[Black "Bosker, Peter"]
[Result "1-0"]
[WhiteTitle "GM"]
[WhiteElo "2495"]
[BlackElo "2170"]
[WhiteFideId "406465"]
[BlackFideId "1024655"]
[EventDate "2012.12.21"]

1. e4 c5 2. Nf3 e6 3. c3 d5 4. exd5 Qxd5 5. d4 Nf6 6. Be3 cxd4 7. cxd4 Nc6 8.
Nc3 Qd8 9. Bc4 Be7 10. O-O O-O 11. a3 b6 12. Qd3 Bb7 13. Ba2 Nb8 14. Rfd1 Nbd7
15. d5 exd5 16. Qf5 Nc5 17. b4 Ne6 18. Nxd5 Nxd5 19. Bxd5 Bxd5 20. Rxd5 Qc8 21.
Ne5 g6 22. Qd3 Ng7 23. Rc1 Qe6 24. Rc6 Qf5 25. Nxg6 hxg6 26. Rxf5 Nxf5 27. Qb3
Kg7 28. g4 Nxe3 29. fxe3 1-0

[Event "Groningen Open A"]
[Site "Groningen NED"]
[Date "2012.12.21"]
[Round "1.13"]
[White "Go, Benjamin"]
[Black "Hausrath, Daniel"]
[Result "0-1"]
[BlackTitle "IM"]
[WhiteElo "2168"]
[BlackElo "2483"]
[WhiteFideId "1014560"]
[BlackFideId "4617495"]
[EventDate "2012.12.21"]

1. e4 c5 2. Nf3 Nc6 3. a3 g6 4. Bc4 Bg7 5. Nc3 Nf6 6. d3 O-O 7. O-O d6 8. Bg5 h6
9. Bh4 Rb8 10. Qc1 Kh7 11. Qe3 a6 12. Nd5 Ng4 13. Qc1 b5 14. Ba2 g5 15. Bg3 e6
16. Ne3 Nf6 17. h4 Nh5 18. hxg5 hxg5 19. c3 Nf4 20. Qd1 Rh8 21. d4 cxd4 22. cxd4
Qf6 23. Ng4 Qg6 24. e5 Kg8 25. Rc1 Bb7 26. Re1 Qh5 27. Nfh2 Nxg2 28. d5 Ne7 29.
Kxg2 Qh3+ 30. Kg1 Nxd5 31. Qd3 Nf4 32. Qf1 Qxg4 33. Nxg4 Rh1# 0-1

[Event "Groningen Open A"]
[Site "Groningen NED"]
[Date "2012.12.21"]
[Round "1.14"]
[White "Naroditsky, Daniel"]
[Black "Maatman, Nick"]
[Result "1-0"]
[WhiteTitle "IM"]
[WhiteElo "2483"]
[BlackElo "2167"]
[WhiteFideId "2026961"]
[BlackFideId "1040391"]
[EventDate "2012.12.21"]

1. Nf3 Nf6 2. g3 g6 3. b3 Bg7 4. Bb2 O-O 5. Bg2 c5 6. c4 Nc6 7. O-O d6 8. d4
cxd4 9. Nxd4 Bd7 10. Nc3 a6 11. e3 Rc8 12. Qe2 Qa5 13. Rfd1 Rfe8 14. a3 Bg4 15.
f3 Bd7 16. Rac1 b5 17. Nxc6 Bxc6 18. Bh3 Rb8 19. b4 Qb6 20. Nd5 Nxd5 21. cxd5
Bb7 22. Bxg7 Kxg7 23. Qd3 Ra8 24. Qc3+ Kg8 25. Rd4 a5 26. Bd7 Reb8 27. Qc7 Qxc7
28. Rxc7 axb4 29. axb4 Ra1+ 30. Kg2 Ra2+ 31. Kh3 Ra3 32. e4 Rxf3 33. Kg2 Rb3 34.
Bxb5 Kf8 35. Be2 Rb2 36. Kf3 Bc8 37. Ke3 Ke8 38. b5 Bd7 39. Rc6 Ra8 40. Bd3 Bxc6
41. dxc6 Ra3 42. e5 Rxb5 43. exd6 exd6 44. Rxd6 Re5+ 45. Kf4 Rc5 46. Rd4 Ke7 47.
Be4 h6 48. h4 Rac3 49. Bd5 f5 50. g4 Kf6 51. g5+ hxg5+ 52. hxg5+ Ke7 53. Ke5
Re3+ 54. Kf4 Rh3 55. Ke5 Re3+ 56. Kf4 Ra3 57. Bf3 Ke6 58. Bg2 Rac3 59. Bf3 R5c4
60. Bd5+ Kd6 61. Rxc4 Rh3 62. c7 Kxd5 63. Rc1 1-0

[Event "Groningen Open A"]
[Site "Groningen NED"]
[Date "2012.12.21"]
[Round "1.15"]
[White "Vogel, Jaap"]
[Black "Plat, Vojtech"]
[Result "1-0"]
[WhiteTitle "FM"]
[BlackTitle "IM"]
[WhiteElo "2166"]
[BlackElo "2483"]
[WhiteFideId "1000764"]
[BlackFideId "325740"]
[EventDate "2012.12.21"]

1. d4 d5 2. Nf3 Nf6 3. g3 Bf5 4. Bg2 e6 5. O-O Nbd7 6. c4 dxc4 7. Nc3 c6 8. a4
Nd5 9. Nd2 h5 10. Nxc4 N7f6 11. Bg5 Be7 12. Re1 Nb6 13. Ne5 a5 14. e4 Bh7 15. d5
Qc7 16. Bf4 Bd6 17. Nxf7 Bxf4 18. Nxh8 Bd6 19. dxe6 Bc5 20. Nf7 Ng4 21. Re2 Nc4
22. Qb3 Nce5 23. Nxe5 Nxe5 24. Rd1 Bg8 25. Kh1 Qe7 26. Rd7 Nxd7 27. exd7+ Kf8
28. Qxb7 Rd8 29. Qxc6 Rxd7 30. Qa8+ Rd8 31. Qxa5 Bb4 32. Qf5+ Bf7 33. h4 g6 34.
Qf4 Kg7 35. e5 Bb3 36. e6 Rd3 37. Qe5+ Kh7 38. Ne4 Kg8 39. Nf6+ Kh8 40. Nd7+ Kg8
41. Nf6+ Kf8 42. Nd5 Rd1+ 43. Kh2 1-0

[Event "Groningen Open A"]
[Site "Groningen NED"]
[Date "2012.12.21"]
[Round "1.16"]
[White "Hovhanisian, Mher"]
[Black "Lee, Kai Jie Edward"]
[Result "1-0"]
[WhiteTitle "IM"]
[WhiteElo "2477"]
[BlackElo "2165"]
[WhiteFideId "13300865"]
[BlackFideId "5802920"]
[EventDate "2012.12.21"]

1. e4 c5 2. c3 d5 3. exd5 Qxd5 4. d4 Nf6 5. Nf3 e6 6. Be2 Be7 7. O-O O-O 8. c4
Qd8 9. dxc5 Bxc5 10. Nc3 Nc6 11. Bg5 Be7 12. a3 b6 13. Qa4 Bb7 14. Rfd1 Qc8 15.
b4 a5 16. b5 Nb8 17. Qc2 Nbd7 18. Na4 Re8 19. Nd4 e5 20. Nf5 Bf8 21. Bxf6 Nxf6
22. Nxb6 Be4 23. Qxe4 Nxe4 24. Nxc8 Raxc8 25. Bf3 Nc3 26. Nd6 Nxd1 27. Nxc8 Nb2
28. Nb6 Bc5 29. Bc6 Rd8 30. Nd7 Bd4 31. Rc1 e4 32. Rc2 Na4 33. Rd2 Nc3 34. Kf1
Be5 35. b6 Bf4 36. Nf6+ 1-0

[Event "Groningen Open A"]
[Site "Groningen NED"]
[Date "2012.12.21"]
[Round "1.17"]
[White "Brookes, Christopher"]
[Black "Das, Arghyadip"]
[Result "0-1"]
[BlackTitle "IM"]
[WhiteElo "2163"]
[BlackElo "2476"]
[WhiteFideId "4669355"]
[BlackFideId "5003610"]
[EventDate "2012.12.21"]

1. e4 c5 2. Nf3 a6 3. d4 cxd4 4. Nxd4 Nf6 5. Nc3 e5 6. Nb3 Bb4 7. Qd3 h6 8. Be2
O-O 9. O-O d6 10. Bd2 Nbd7 11. a3 Nc5 12. Nxc5 Bxc5 13. Qg3 Kh8 14. Kh1 Bd4 15.
Qh4 Kg8 16. Bd3 Bd7 17. Ne2 Ba7 18. f4 Bc6 19. Nc3 Bd4 20. Rae1 exf4 21. Bxf4
Be5 22. Re3 Nd7 23. Qg4 Bxf4 24. Qxf4 Ne5 25. Rg3 Kh8 26. Ne2 Qe7 27. Nd4 Bd7
28. c3 b5 29. h3 Be6 30. Be2 Kh7 31. Qd2 Rab8 32. Kh2 Bd7 33. Bg4 Nxg4+ 34. hxg4
Qxe4 35. Nf5 Bxf5 36. gxf5 Qh4+ 37. Rh3 Qf6 38. Rd3 Rbd8 39. Rd5 Rfe8 40. Qf4
Re2 41. Rf2 Rxf2 42. Qxf2 Re8 43. Qd4 Re5 44. Rxd6 Qxf5 45. Qd3 Qxd3 46. Rxd3
Re2 47. Rd6 Rxb2 48. Rxa6 Rb3 49. a4 bxa4 50. Rxa4 Rxc3 51. Ra6 f6 52. Rb6 h5
53. Rb7 Kh6 54. Rb6 Kg5 0-1

[Event "Groningen Open A"]
[Site "Groningen NED"]
[Date "2012.12.21"]
[Round "1.19"]
[White "Schoehuijs, Erik"]
[Black "Breder, Dennis"]
[Result "1-0"]
[BlackTitle "IM"]
[WhiteElo "2160"]
[BlackElo "2438"]
[WhiteFideId "1004425"]
[BlackFideId "4636945"]
[EventDate "2012.12.21"]

1. d4 d5 2. c4 e6 3. Nc3 c6 4. Nf3 dxc4 5. a4 Bb4 6. g3 c5 7. Bg5 f6 8. Be3 Ne7
9. Bg2 Nbc6 10. dxc5 Nd5 11. Bd2 Bxc5 12. O-O O-O 13. Qc2 Bb6 14. Rad1 Bd7 15.
Qe4 Nxc3 16. Bxc3 Qe7 17. Qxc4 Rac8 18. Qb3 Be8 19. Nd4 Bf7 20. Nxc6 bxc6 21. a5
Bc5 22. Qa4 Qb7 23. b4 Be7 24. a6 Qc7 25. Rc1 Qb6 26. Rfd1 Rc7 27. Bd2 Rfc8 28.
Rc2 e5 29. Rdc1 Qd4 30. Be3 Qg4 31. h3 Qd7 32. Bxc6 Qxh3 33. Bg2 Rxc2 34. Bxh3
Rxc1+ 35. Kg2 Bd5+ 36. f3 R1c3 37. Bxc8 Rxe3 38. Kf2 Rc3 39. Qd7 Bb3 40. Qxe7
Rxc8 41. Qxa7 Rc2 42. Qd7 1-0

[Event "Groningen Open A"]
[Site "Groningen NED"]
[Date "2012.12.21"]
[Round "1.20"]
[White "Pacher, Milan"]
[Black "Van Overdam, Jan"]
[Result "1/2-1/2"]
[WhiteTitle "IM"]
[WhiteElo "2436"]
[BlackElo "2157"]
[WhiteFideId "14907445"]
[BlackFideId "1022741"]
[EventDate "2012.12.21"]

1. e4 c5 2. Nf3 g6 3. d4 cxd4 4. Nxd4 Nc6 5. c4 Nf6 6. Nc3 d6 7. Be2 Nxd4 8.
Qxd4 Bg7 9. Be3 O-O 10. Qd2 Qa5 11. O-O Be6 12. Rac1 Rfc8 13. b3 a6 14. f3 b5
15. cxb5 axb5 16. Bd4 Bd7 17. Qe3 b4 18. Na4 Rxc1 19. Rxc1 Bxa4 20. bxa4 Qxa4
21. Bc4 Nd7 22. Bb3 Bxd4 23. Qxd4 Qa5 24. Qc4 Qc5+ 25. Kf1 e6 26. Rd1 Qxc4+ 27.
Bxc4 Nb6 28. Bb3 d5 29. Rd4 Nc4 30. Bxc4 dxc4 31. Rxc4 Rxa2 1/2-1/2

[Event "Groningen Open A"]
[Site "Groningen NED"]
[Date "2012.12.21"]
[Round "1.21"]
[White "Ypma, Peter"]
[Black "Nestorovic, Nikola"]
[Result "0-1"]
[BlackTitle "IM"]
[WhiteElo "2157"]
[BlackElo "2429"]
[WhiteFideId "1027255"]
[BlackFideId "934526"]
[EventDate "2012.12.21"]

1. d4 Nf6 2. c4 c5 3. d5 b5 4. Qc2 bxc4 5. e4 d6 6. Bxc4 g6 7. Nf3 Bg7 8. O-O
O-O 9. Nc3 Nbd7 10. Rb1 Nb6 11. b3 Nxc4 12. bxc4 e6 13. h3 a6 14. Bf4 e5 15. Bg5
h6 16. Bxf6 Qxf6 17. Qd3 Qd8 18. Rb3 f5 19. Rfb1 Ra7 20. Rb8 Raf7 21. R1b6 Qc7
22. Qb1 fxe4 23. Rc6 Qa5 24. Rcxc8 Qxc3 25. Rxf8+ Bxf8 26. Qxe4 Qc1+ 27. Ne1 Kg7
28. Qe2 Rf4 29. Rb7+ Kg8 30. g3 Qxc4 31. Nd3 Rd4 32. Rb3 Qxd5 33. Ne1 c4 34. Rb8
Re4 0-1

[Event "Groningen Open A"]
[Site "Groningen NED"]
[Date "2012.12.21"]
[Round "1.22"]
[White "Drozdowski, Kacper"]
[Black "Von Meijenfeldt, Bart"]
[Result "1/2-1/2"]
[WhiteTitle "FM"]
[WhiteElo "2426"]
[BlackElo "2155"]
[WhiteFideId "1136720"]
[BlackFideId "1032259"]
[EventDate "2012.12.21"]

1. e4 c5 2. Nf3 d6 3. d4 cxd4 4. Nxd4 Nf6 5. f3 a6 6. c4 g6 7. Nc3 Bg7 8. Be3
O-O 9. Qd2 Nc6 10. Be2 Bd7 11. O-O Qa5 12. Rfd1 Rfc8 13. Rac1 Nxd4 14. Bxd4 Be6
15. b4 Qxb4 16. Rb1 Qa5 17. Rxb7 Nd7 18. Bxg7 Kxg7 19. Qd4+ Kg8 20. f4 Qc5 21.
f5 gxf5 22. exf5 Bxf5 23. Nd5 Kf8 24. Qxc5 Nxc5 25. Rxe7 Be6 26. Rxe6 fxe6 27.
Nb6 Ke7 28. Rd4 Nd7 29. Nxa8 Rxa8 30. Rh4 Nf6 31. Kf2 Rc8 32. g4 Rc5 33. Rh6 Ra5
34. h4 Rxa2 35. Ke3 Ra3+ 36. Kf4 Ra2 37. Ke3 Ra3+ 38. Kf4 Ra2 39. Bd1 Ra1 40.
Bf3 e5+ 41. Kg3 e4 42. Be2 Ra2 43. g5 Rxe2 44. Rxf6 Re3+ 45. Kg2 Rf3 1/2-1/2

[Event "Groningen Open A"]
[Site "Groningen NED"]
[Date "2012.12.21"]
[Round "1.23"]
[White "Jacobs, Florian"]
[Black "Barua, Dibyendu"]
[Result "1/2-1/2"]
[BlackTitle "GM"]
[WhiteElo "2151"]
[BlackElo "2410"]
[WhiteFideId "1018329"]
[BlackFideId "5000025"]
[EventDate "2012.12.21"]

1. d4 Nf6 2. c4 e6 3. Nc3 d5 4. cxd5 exd5 5. Bg5 c6 6. Qc2 Be7 7. e3 Nbd7 8. Bd3
Nf8 9. Nge2 Ne6 10. Bh4 g6 11. O-O Ng7 12. f3 O-O 13. Kh1 Re8 14. Bf2 c5 15.
dxc5 Bxc5 16. Nb5 Bb6 17. Nbd4 Nd7 18. Nf4 Ne5 1/2-1/2

[Event "Groningen Open A"]
[Site "Groningen NED"]
[Date "2012.12.21"]
[Round "1.24"]
[White "Van Assendelft, Floris"]
[Black "Van der Auweraert, Elwin"]
[Result "1-0"]
[WhiteTitle "IM"]
[WhiteElo "2403"]
[BlackElo "2126"]
[WhiteFideId "1010271"]
[BlackFideId "1029568"]
[EventDate "2012.12.21"]

1. e4 c5 2. Nf3 d6 3. c3 Nf6 4. Be2 Nbd7 5. d3 g6 6. Nbd2 Bg7 7. O-O O-O 8. d4
Qc7 9. Re1 b6 10. Bf1 Bb7 11. d5 Rfe8 12. Bc4 Rab8 13. h3 Bc8 14. a4 Nf8 15. Bb5
N6d7 16. Nc4 a6 17. Bc6 Rd8 18. Bf4 Ne5 19. Ncxe5 dxe5 20. Bg3 e6 21. b4 exd5
22. exd5 f6 23. Qb3 Kh8 24. bxc5 bxc5 25. Qc4 Nd7 26. Rab1 Nb6 27. Qa2 Bf5 28.
Rbd1 g5 29. a5 Nc8 30. Qc4 Qa7 31. Nd2 Nd6 32. Qa2 Bd3 33. f3 f5 34. Bf2 Qf7 35.
Bxc5 g4 36. hxg4 fxg4 37. Re3 Bf5 38. Nc4 Nxc4 39. Qxc4 Rb7 40. Rf1 g3 41. f4
Bh6 42. Rxg3 Rg8 43. Bf2 Rxg3 44. Bxg3 Qg6 45. Rf3 Bxf4 46. Qc5 Rb1+ 47. Be1
Rxe1+ 48. Kf2 Bh6 49. Kxe1 Qxg2 50. Qf2 Qh1+ 51. Qf1 Qh5 52. Qf2 Qh1+ 53. Ke2
Bg4 54. d6 Bxf3+ 55. Qxf3 Qxf3+ 56. Kxf3 Kg7 57. Ke4 Kf6 58. Kd5 Bd2 59. c4 Bxa5
60. Be8 Bb4 61. c5 e4 62. c6 e3 63. Bh5 1-0

[Event "Groningen Open A"]
[Site "Groningen NED"]
[Date "2012.12.21"]
[Round "1.25"]
[White "Sparenberg, Erik"]
[Black "Donchenko, Alexander"]
[Result "1/2-1/2"]
[BlackTitle "IM"]
[WhiteElo "2114"]
[BlackElo "2401"]
[WhiteFideId "1013262"]
[BlackFideId "24603295"]
[EventDate "2012.12.21"]

1. e4 c5 2. Nf3 d6 3. c3 Nf6 4. Be2 Bd7 5. e5 dxe5 6. Nxe5 Nc6 7. Nxd7 Qxd7 8.
O-O e6 9. d3 Be7 10. Nd2 O-O 11. Ne4 Rfd8 12. Be3 b6 13. Qc2 Nd5 14. Bd2 Qc7 15.
f4 f5 16. Ng3 Bh4 17. Bf3 Bxg3 18. hxg3 Nf6 19. Rfe1 Rd6 20. Rad1 Rad8 21. Bc1
Kf7 22. b3 Re8 23. Ba3 Rd7 24. Bb2 Nd5 25. Rd2 Qd6 26. Rde2 Rde7 27. a3 Nf6 28.
b4 Rd7 1/2-1/2

[Event "Groningen Open A"]
[Site "Groningen NED"]
[Date "2012.12.21"]
[Round "1.26"]
[White "Matnadze, Ana"]
[Black "Basencyan, Mark"]
[Result "1-0"]
[WhiteTitle "IM"]
[WhiteElo "2401"]
[BlackElo "2112"]
[WhiteFideId "13601377"]
[BlackFideId "13300725"]
[EventDate "2012.12.21"]

1. d4 d5 2. Nf3 Nf6 3. g3 c5 4. c4 e6 5. Bg2 Nc6 6. O-O Be7 7. dxc5 Bxc5 8. cxd5
Qxd5 9. Qa4 O-O 10. Nc3 Qh5 11. h3 Bb6 12. Bg5 e5 13. Bxf6 gxf6 14. Nd5 Bd8 15.
g4 Qh6 16. Qe4 Be6 17. Rad1 Rb8 18. b4 1-0

[Event "Groningen Open A"]
[Site "Groningen NED"]
[Date "2012.12.21"]
[Round "1.28"]
[White "Baghdasaryan, Vahe"]
[Black "Dehn, Marcus"]
[Result "1-0"]
[WhiteTitle "IM"]
[WhiteElo "2388"]
[BlackElo "2105"]
[WhiteFideId "13303139"]
[BlackFideId "4667093"]
[EventDate "2012.12.21"]

1. e4 d6 2. d4 c6 3. Nc3 g6 4. h4 h5 5. Be3 b5 6. a3 a6 7. Qd2 Nd7 8. Nf3 Nb6 9.
Ng5 d5 10. e5 e6 11. b3 Nh6 12. f3 Nf5 13. Bf2 Be7 14. Bd3 Bd7 15. O-O Kf8 16.
g4 Ng7 17. Qf4 Bxg5 18. hxg5 Kg8 19. Kg2 Be8 20. Rh1 Nd7 21. Ne2 c5 22. Ng3 h4
23. Nf1 cxd4 24. Bxd4 Nf8 25. Qe3 Bc6 26. Nd2 Nd7 27. Rh3 Qe7 28. f4 Nc5 29.
Rah1 Kf8 30. Rxh4 Rxh4 31. Rxh4 Ke8 32. Rh7 Nxd3 33. Qxd3 Kd7 34. Rxg7 Rh8 35.
b4 Ke8 36. Qc3 Kf8 37. Rxg6 fxg6 38. Qxc6 Kg7 39. Nf3 Qf7 40. Be3 Re8 41. Nd4
Kh8 42. Qxa6 Qh7 43. Qxb5 Rc8 44. Qa6 Re8 45. Qc6 Re7 46. Qc8+ Kg7 47. Nxe6+ Kf7
48. Bc5 1-0

[Event "Groningen Open A"]
[Site "Groningen NED"]
[Date "2012.12.21"]
[Round "1.29"]
[White "Dhar-Barua, Saheli"]
[Black "Arslanov, Shamil"]
[Result "1/2-1/2"]
[WhiteTitle "WIM"]
[BlackTitle "IM"]
[WhiteElo "2091"]
[BlackElo "2386"]
[WhiteFideId "5001331"]
[BlackFideId "4192826"]
[EventDate "2012.12.21"]

1. e4 e6 2. d4 d5 3. Nd2 Nf6 4. e5 Nfd7 5. Bd3 c5 6. c3 Nc6 7. Ne2 cxd4 8. cxd4
f6 9. exf6 Nxf6 10. Nf3 Qc7 11. Bg5 Bb4+ 12. Nc3 O-O 13. O-O Bxc3 14. bxc3 e5
15. dxe5 Nxe5 16. Bf4 Nxf3+ 17. Qxf3 Qc6 18. Be5 Ne4 19. Qe3 Bf5 20. f3 Nc5 21.
Qg5 Ne6 22. Qe3 Rae8 23. Rfe1 Bxd3 24. Qxd3 Qc4 25. Qxc4 dxc4 26. Rab1 b6 27.
Bd6 Rf5 28. Re4 Rd5 29. Bg3 b5 30. a4 a6 31. axb5 axb5 32. Ra1 Kf7 33. Ra6 Rd3
34. Re5 Rxc3 35. Rf5+ Kg8 36. Rxb5 Rc1+ 37. Kf2 Rc2+ 38. Kf1 Rc1+ 39. Kf2 Rc2+
40. Kf1 Nd4 41. Re5 Rxe5 42. Bxe5 Nf5 43. g4 Nh4 44. Ra3 h6 45. Bg3 Ng2 46. Ra7
Ne3+ 47. Ke1 Nd5 48. Be5 g5 49. Ra6 1/2-1/2